[Event "Schleswig Holstein-ch Seniors op 11th"]
[Site "Buesum"]
[Date "2017.09.10"]
[Round "3"]
[White "Schumacher, Helmut"]
[Black "Walther, Renate"]
[Result "1-0"]
[WhiteElo "1890"]
[BlackElo "1173"]
[PlyCount "43"]
[EventDate "2017.09.08"]
[EventType "swiss"]
[EventRounds "9"]
[EventCountry "GER"]
[SourceTitle "EXT 2019"]
[Source "ChessBase"]
[SourceDate "2018.10.10"]
[SourceVersion "1"]
[SourceVersionDate "2018.10.10"]
[SourceQuality "1"]

1. d4 c5 2. d5 g6 3. Nc3 Bg7 4. e4 Bxc3+ 5. bxc3 d6 6. Be2 Nf6 7. Bf3 Nbd7 8. Bf4 Ne5 9. Bxe5 dxe5 10. Ne2 Bd7 11. 0-0 Bg4 12. Bxg4 Nxg4 13. Qd3 0-0 14. Qg3 Qd7 15. h3 Nf6 16. Qxe5 Qd6 17. Qxd6 exd6 18. Ng3 Rae8 19. f3 Kg7 20. a4 b6 21. Rfb1 a6 22. Rxb6 1-0

[Event "Schleswig Holstein-ch Seniors op 11th"]
[Site "Buesum"]
[Date "2017.09.08"]
[Round "1"]
[White "Schumacher, Helmut"]
[Black "Boss, Kurt"]
[Result "1-0"]
[WhiteElo "1890"]
[BlackElo "1222"]
[PlyCount "43"]
[EventDate "2017.09.08"]
[EventType "swiss"]
[EventRounds "9"]
[EventCountry "GER"]
[SourceTitle "EXT 2019"]
[Source "ChessBase"]
[SourceDate "2018.10.10"]
[SourceVersion "1"]
[SourceVersionDate "2018.10.10"]
[SourceQuality "1"]

1. d4 c6 2. e4 Nf6 3. Nc3 d5 4. e5 Ne4 5. Nxe4 dxe4 6. Ne2 Bg4 7. h3 Bd7 8. Nc3 Bf5 9. g4 Bg6 10. Bg2 Qa5 11. Bd2 Qd8 12. Be3 f5 13. gxf5 Bxf5 14. Qd2 e6 15. Nxe4 Qb6 16. c3 Na6 17. d5 0-0-0 18. Bxb6 Rxd5 19. Nd6+ Kb8 20. Bxd5 cxd5 21. Nxf5 axb6 22. b4 1-0

[Event "Rheinland Pfalz op Seniors 13th"]
[Site "Neustadt an der Weinstrasse"]
[Date "2015.07.15"]
[Round "6"]
[White "Schumacher, Helmut"]
[Black "Dickel, Gisbert"]
[Result "0-1"]
[WhiteElo "2017"]
[BlackElo "1916"]
[PlyCount "56"]
[EventDate "2015.07.10"]
[EventType "swiss"]
[EventRounds "7"]
[EventCountry "GER"]
[SourceTitle "EXT 2019"]
[Source "ChessBase"]
[SourceDate "2018.10.10"]
[SourceVersion "1"]
[SourceVersionDate "2018.10.10"]
[SourceQuality "1"]

1. d4 c6 2. e4 d5 3. Nc3 dxe4 4. Nxe4 e5 5. dxe5 Qa5+ 6. Nc3 Qxe5+ 7. Qe2 Qxe2+ 8. Bxe2 Nf6 9. Bd2 Bf5 10. 0-0-0 Bc5 11. f3 Nbd7 12. g4 Be6 13. g5 Nd5 14. Nxd5 Bxd5 15. c4 Be6 16. f4 Nb6 17. b3 Bf5 18. Kb2 0-0 19. Bf3 Rad8 20. Ne2 Rd3 21. Ng3 Bd4+ 22. Ka3 Nxc4+ 23. Kb4 Nxd2 24. Nxf5 Bc3+ 25. Ka3 Rxf3 26. Ne7+ Kh8 27. f5 g6 28. f6 Nc4+ 0-1

[Event "Hessen-ch Seniors op 11th"]
[Site "Bad Sooden-Allendorf"]
[Date "2015.05.17"]
[Round "9"]
[White "Schumacher, Helmut"]
[Black "Kuehn, Peter1111"]
[Result "1/2-1/2"]
[WhiteElo "2023"]
[BlackElo "1985"]
[PlyCount "30"]
[EventDate "2015.05.09"]
[EventType "swiss"]
[EventRounds "9"]
[EventCountry "GER"]
[SourceTitle "EXT 2018"]
[Source "ChessBase"]
[SourceDate "2017.10.13"]
[SourceVersion "1"]
[SourceVersionDate "2017.10.13"]
[SourceQuality "1"]

1. d4 Nf6 2. Nc3 d5 3. Bg5 Nbd7 4. Nf3 h6 5. Bh4 e6 6. e3 Be7 7. Bd3 c5 8. dxc5 Nxc5 9. Bb5+ Bd7 10. Qe2 a6 11. Bxd7+ Ncxd7 12. 0-0 Rc8 13. Rfd1 Qb6 14. Rab1 Bb4 15. e4 Bxc3 1/2-1/2

[Event "Hessen-ch Seniors op 11th"]
[Site "Bad Sooden-Allendorf"]
[Date "2015.05.10"]
[Round "2"]
[White "Rollwitz, Juergen"]
[Black "Schumacher, Helmut"]
[Result "1/2-1/2"]
[WhiteElo "1971"]
[BlackElo "2023"]
[PlyCount "45"]
[EventDate "2015.05.09"]
[EventType "swiss"]
[EventRounds "9"]
[EventCountry "GER"]
[SourceTitle "EXT 2018"]
[Source "ChessBase"]
[SourceDate "2017.10.13"]
[SourceVersion "1"]
[SourceVersionDate "2017.10.13"]
[SourceQuality "1"]

1. e4 e6 2. d3 d5 3. Nd2 Nf6 4. Be2 c5 5. c3 Be7 6. Ngf3 Nc6 7. b3 0-0 8. 0-0 dxe4 9. Nxe4 Nxe4 10. dxe4 Qc7 11. Be3 e5 12. Qc2 h6 13. Rfd1 Be6 14. Rd2 Rad8 15. Rxd8 Rxd8 16. Rd1 Rxd1+ 17. Qxd1 b6 18. h3 a5 19. Ne1 Qd8 20. Qxd8+ Bxd8 21. Nf3 f6 22. Nd2 Bf7 23. Bb5 1/2-1/2

[Event "Schleswig Holstein-ch Seniors op"]
[Site "Buesum"]
[Date "2014.10.03"]
[Round "9"]
[White "Zimmermann, Manfred"]
[Black "Schumacher, Helmut"]
[Result "0-1"]
[WhiteElo "1940"]
[BlackElo "2012"]
[PlyCount "78"]
[EventDate "2014.09.25"]
[EventType "swiss"]
[EventRounds "9"]
[EventCountry "GER"]
[SourceTitle "EXT 2018"]
[Source "ChessBase"]
[SourceDate "2017.10.13"]
[SourceVersion "1"]
[SourceVersionDate "2017.10.13"]
[SourceQuality "1"]

1. d4 d5 2. Nf3 c6 3. e3 Nf6 4. Bd3 Bg4 5. Nbd2 Nbd7 6. b3 e5 7. dxe5 Nxe5 8. Bb2 Nxd3+ 9. cxd3 Be7 10. h3 Bf5 11. Qe2 0-0 12. e4 dxe4 13. dxe4 Bg6 14. 0-0 Re8 15. Ne5 Bb4 16. Rfd1 Qc7 17. Nxg6 hxg6 18. Qf3 Re6 19. Bxf6 Rxf6 20. Qe2 Re8 21. Nf1 Bc5 22. Ne3 Rxe4 23. Rd3 Rfe6 24. Re1 Qe7 25. Qf3 f5 26. g3 Bd6 27. Red1 Bc5 28. Re1 Bxe3 29. fxe3 Qc5 30. Re2 Kh7 31. Qf2 Re7 32. Qf3 a5 33. Kf2 b5 34. Qh1 f4 35. gxf4 Rxf4+ 36. Kg2 Qh5 37. Qe1 Rf3 38. h4 Qg4+ 39. Kh1 Ref7 0-1

[Event "Schleswig Holstein-ch Seniors op"]
[Site "Buesum"]
[Date "2014.09.30"]
[Round "6"]
[White "Schumacher, Helmut"]
[Black "Nickel, Juergen"]
[Result "1-0"]
[WhiteElo "2012"]
[BlackElo "1916"]
[PlyCount "85"]
[EventDate "2014.09.25"]
[EventType "swiss"]
[EventRounds "9"]
[EventCountry "GER"]
[SourceTitle "EXT 2018"]
[Source "ChessBase"]
[SourceDate "2017.10.13"]
[SourceVersion "1"]
[SourceVersionDate "2017.10.13"]
[SourceQuality "1"]

1. d4 d5 2. Nc3 c6 3. e4 dxe4 4. Nxe4 Bf5 5. Ng3 Bg6 6. h4 h6 7. Nf3 Nd7 8. h5 Bh7 9. Bd3 Bxd3 10. Qxd3 Qc7 11. Bd2 e6 12. 0-0-0 Ngf6 13. Kb1 0-0-0 14. Ne4 Nc5 15. Nxc5 Bxc5 16. Be3 Bd6 17. Qe2 Nd5 18. g3 Kb8 19. c4 Nxe3 20. Qxe3 c5 21. d5 exd5 22. Rxd5 Rhe8 23. Qd2 f6 24. Rd1 Be7 25. Nh4 Rxd5 26. Qxd5 Rd8 27. Qf3 Rxd1+ 28. Qxd1 Qd6 29. Qxd6+ Bxd6 30. Nf5 Bf8 31. Kc2 Kc7 32. Kd3 Kd7 33. Ke4 Ke6 34. g4 Kf7 35. Nh4 Ke6 36. Nf5 Kf7 37. f4 Ke6 38. a4 Kf7 39. Kd5 g6 40. hxg6+ Kxg6 41. Ke6 a5 42. b3 b6 43. Nh4+ 1-0

[Event "Schleswig Holstein-ch Seniors op"]
[Site "Buesum"]
[Date "2014.09.29"]
[Round "5"]
[White "Fleischer, Martin"]
[Black "Schumacher, Helmut"]
[Result "1/2-1/2"]
[WhiteElo "1898"]
[BlackElo "2012"]
[PlyCount "74"]
[EventDate "2014.09.25"]
[EventType "swiss"]
[EventRounds "9"]
[EventCountry "GER"]
[SourceTitle "EXT 2018"]
[Source "ChessBase"]
[SourceDate "2017.10.13"]
[SourceVersion "1"]
[SourceVersionDate "2017.10.13"]
[SourceQuality "1"]

1. d4 d5 2. Nf3 c6 3. Nc3 Bf5 4. e3 Nf6 5. Bd3 Bxd3 6. Qxd3 Nbd7 7. b4 e6 8. Rb1 Bd6 9. e4 dxe4 10. Nxe4 Nxe4 11. Qxe4 h6 12. 0-0 0-0 13. c4 Nf6 14. Qh4 Rc8 15. g4 Nh7 16. Qh3 f5 17. Kh1 Qf6 18. gxf5 Qxf5 19. Qxf5 Rxf5 20. Rb3 Rcf8 21. Kg2 g5 22. c5 Bc7 23. h3 Nf6 24. Re1 Nd5 25. Rxe6 Bf4 26. Bb2 Kg7 27. Re2 h5 28. Ne1 g4 29. hxg4 hxg4 30. Nd3 Kg6 31. Re6+ Kg5 32. Re1 Rh8 33. Rh1 Re8 34. Rh7 Re2 35. Kf1 Rd2 36. Rg7+ Kh5 37. Kg1 Rc2 1/2-1/2

[Event "Schleswig Holstein-ch Seniors op"]
[Site "Buesum"]
[Date "2014.09.28"]
[Round "4"]
[White "Schumacher, Helmut"]
[Black "Szenetra, Werner"]
[Result "0-1"]
[WhiteElo "2012"]
[BlackElo "2219"]
[PlyCount "57"]
[EventDate "2014.09.25"]
[EventType "swiss"]
[EventRounds "9"]
[EventCountry "GER"]
[SourceTitle "EXT 2018"]
[Source "ChessBase"]
[SourceDate "2017.10.13"]
[SourceVersion "1"]
[SourceVersionDate "2017.10.13"]
[SourceQuality "1"]

1. d4 g6 2. e4 Bg7 3. Nc3 d6 4. g3 Nc6 5. Be3 e5 6. dxe5 Nxe5 7. h3 Be6 8. f4 Nc6 9. Nge2 h5 10. Bg2 Qd7 11. Qd2 Nge7 12. Nd4 0-0 13. Nxe6 Bxc3 14. Qxc3 Qxe6 15. 0-0 Rae8 16. Rae1 d5 17. Bc5 dxe4 18. Rxe4 Qd7 19. Qf3 Rd8 20. Rfe1 Rfe8 21. Qe2 Kf8 22. g4 hxg4 23. hxg4 b6 24. Ba3 Nd4 25. Qd1 a5 26. b3 f5 27. gxf5 gxf5 28. R4e3 Ne6 29. c3 0-1

[Event "Hessen-ch Seniors op 10th"]
[Site "Bad Sooden-Allendorf"]
[Date "2014.04.28"]
[Round "3"]
[White "Minte, Horst"]
[Black "Schumacher, Helmut"]
[Result "0-1"]
[WhiteElo "1870"]
[BlackElo "2033"]
[PlyCount "99"]
[EventDate "2014.04.26"]
[EventType "swiss"]
[EventRounds "9"]
[EventCountry "GER"]
[SourceTitle "EXT 2018"]
[Source "ChessBase"]
[SourceDate "2017.10.13"]
[SourceVersion "1"]
[SourceVersionDate "2017.10.13"]
[SourceQuality "1"]

1. d4 d5 2. Bf4 Bg4 3. h3 Bh5 4. c3 e6 5. Qb3 Qc8 6. Nd2 Nf6 7. Ngf3 Bd6 8. e3 Bg6 9. Bb5+ Nbd7 10. Ne5 0-0 11. Nxg6 hxg6 12. Bxd6 cxd6 13. 0-0 a6 14. Bd3 e5 15. dxe5 dxe5 16. e4 Nc5 17. Qc2 Rd8 18. exd5 Nxd3 19. Qxd3 Rxd5 20. Qc2 Qd7 21. Nb3 b5 22. Rfe1 Rd8 23. Rac1 Qa7 24. c4 bxc4 25. Qxc4 a5 26. a4 Qb6 27. Qc3 Rd3 28. Qxa5 Rxb3 29. Qxb6 Rxb6 30. Rb1 Rdb8 31. Re2 e4 32. Rc2 Rb4 33. a5 R4b5 34. Ra1 Rxb2 35. Rcc1 Ra8 36. Ra4 Ra6 37. g4 Rb5 38. Kg2 g5 39. Kg3 Rbxa5 40. Rac4 Ra3+ 41. Kg2 Kh7 42. Rc7 Ra7 43. R7c5 Kg6 44. Rf5 R7a5 45. Rcc5 Rxc5 46. Rxc5 Ra2 47. Kg3 e3 48. Re5 exf2 49. Rf5 Ne4+ 50. Kg2 0-1

[Event "Hessen-ch Seniors op 10th"]
[Site "Bad Sooden-Allendorf"]
[Date "2014.04.27"]
[Round "2"]
[White "Schumacher, Helmut"]
[Black "Ackermann, Hans Werner"]
[Result "0-1"]
[WhiteElo "2033"]
[BlackElo "2289"]
[PlyCount "118"]
[EventDate "2014.04.26"]
[EventType "swiss"]
[EventRounds "9"]
[EventCountry "GER"]
[SourceTitle "EXT 2018"]
[Source "ChessBase"]
[SourceDate "2017.10.13"]
[SourceVersion "1"]
[SourceVersionDate "2017.10.13"]
[SourceQuality "1"]

1. d4 Nf6 2. Nc3 d5 3. Bg5 h6 4. Bh4 Bf5 5. e3 e6 6. Bd3 Bxd3 7. cxd3 c6 8. Nf3 Bd6 9. 0-0 Nbd7 10. e4 Be7 11. e5 Ng8 12. Bxe7 Nxe7 13. b4 g5 14. Nd2 h5 15. Nb3 Nf5 16. Qd2 g4 17. b5 cxb5 18. Nxb5 Qb6 19. Nd6+ Nxd6 20. exd6 Qxd6 21. Rac1 Ke7 22. Nc5 Nxc5 23. dxc5 Qc6 24. Qg5+ Kd7 25. Qf6 Rh7 26. d4 Rg8 27. Rb1 Rg6 28. Qf4 Qc7 29. Qxc7+ Kxc7 30. Rb3 f5 31. Rfb1 Kc8 32. a4 Rc7 33. a5 e5 34. dxe5 Rgc6 35. g3 Rxc5 36. Rb5 a6 37. Rb6 Rc1+ 38. Rxc1 Rxc1+ 39. Kg2 Re1 40. e6 Kc7 41. f4 gxf3+ 42. Kxf3 d4 43. Rb4 Rxe6 44. Rxd4 Rd6 45. Rc4+ Rc6 46. Ra4 Rc2 47. h3 Rc3+ 48. Kf4 b5 49. axb6+ Kxb6 50. Kxf5 Rxg3 51. Rh4 Rb3 52. Kg6 Rb5 53. Rf4 Rc5 54. h4 a5 55. Rf8 a4 56. Rb8+ Ka5 57. Ra8+ Kb4 58. Rb8+ Rb5 59. Rf8 a3 0-1

[Event "Hessen-ch Seniors op 09th"]
[Site "Bad Sooden-Allendorf"]
[Date "2013.04.20"]
[Round "1"]
[White "Schumacher, Helmut"]
[Black "Voeller, Lothar"]
[Result "1/2-1/2"]
[WhiteElo "2021"]
[BlackElo "1666"]
[PlyCount "63"]
[EventDate "2013.04.20"]
[EventType "swiss"]
[EventRounds "9"]
[EventCountry "GER"]
[SourceTitle "EXT 2019"]
[Source "ChessBase"]
[SourceDate "2018.10.10"]
[SourceVersion "1"]
[SourceVersionDate "2018.10.10"]
[SourceQuality "1"]

1. d4 g6 2. e4 Bg7 3. Nc3 d6 4. Nge2 Nf6 5. g3 0-0 6. Bg2 e5 7. h3 Nc6 8. Be3 Bd7 9. 0-0 Nh5 10. d5 Ne7 11. g4 Nf6 12. Ng3 Kh8 13. Qd2 Qc8 14. Kh2 Nfg8 15. Nce2 f5 16. gxf5 gxf5 17. exf5 Nxf5 18. Nxf5 Bxf5 19. Ng3 Bg6 20. Rae1 Qd7 21. c4 Rf7 22. Qe2 Raf8 23. h4 Bf5 24. Nxf5 Qxf5 25. Bh3 Qe4 26. Qg4 Nf6 27. Qxe4 Nxe4 28. Re2 Nc5 29. b3 b6 30. Rg1 Nd3 31. Rg2 Nf4 32. Bxf4 1/2-1/2

[Event "BEL-chT 1213"]
[Site "Belgium"]
[Date "2012.09.23"]
[Round "1.6"]
[White "Schumacher, Helmut"]
[Black "Loo, Bernd"]
[Result "1/2-1/2"]
[WhiteElo "2033"]
[BlackElo "1915"]
[PlyCount "81"]
[EventDate "2012.09.23"]
[EventType "team-tourn"]
[EventRounds "11"]
[EventCountry "BEL"]
[SourceTitle "CBM 150 Extra"]
[Source "ChessBase"]
[SourceDate "2012.10.19"]
[SourceVersion "1"]
[SourceVersionDate "2012.10.19"]
[SourceQuality "1"]
[WhiteTeam "Eynatten"]
[BlackTeam "Eynatten II"]
[WhiteTeamCountry "BEL"]
[BlackTeamCountry "BEL"]

1. d4 d6 2. e4 Nf6 3. Nc3 c6 4. a4 e5 5. Nge2 Be7 6. g3 0-0 7. Bg2 a5 8. h3 Na6 9. 0-0 Be6 10. Be3 Nb4 11. Qd2 Qc8 12. Kh2 Bc4 13. Rfe1 Rd8 14. b3 Ba6 15. g4 c5 16. d5 Bf8 17. Ng3 Qd7 18. Nd1 b6 19. Nb2 Bc8 20. c3 Na6 21. Bg5 Be7 22. Nc4 Rb8 23. f4 h6 24. Bxf6 Bxf6 25. fxe5 Bxe5 26. Nxe5 dxe5 27. c4 Nc7 28. Rf1 Qe7 29. Qe3 Ne8 30. Rf2 Qg5 31. Qxg5 hxg5 32. Raf1 f6 33. Nh5 Rb7 34. Kg3 Rf7 35. h4 gxh4+ 36. Kxh4 Nd6 37. g5 fxg5+ 38. Kxg5 Rdf8 39. Rxf7 Nxf7+ 40. Kh4 Bd7 41. Rf3 1/2-1/2

[Event "Hessen-ch Seniors op 08th"]
[Site "Bad Sooden-Allendorf"]
[Date "2012.04.22"]
[Round "9"]
[White "Schumacher, Helmut"]
[Black "Blosze, Winfried"]
[Result "1/2-1/2"]
[WhiteElo "2041"]
[BlackElo "1902"]
[PlyCount "33"]
[EventDate "2012.04.14"]
[EventType "swiss"]
[EventRounds "9"]
[EventCountry "GER"]
[SourceTitle "EXT 2019"]
[Source "ChessBase"]
[SourceDate "2018.10.10"]
[SourceVersion "1"]
[SourceVersionDate "2018.10.10"]
[SourceQuality "1"]

1. d4 Nf6 2. Nc3 d5 3. Bg5 e6 4. e4 dxe4 5. Nxe4 Be7 6. Bxf6 gxf6 7. Nf3 b6 8. Bd3 Bb7 9. Qe2 Qd5 10. Ng3 Nc6 11. c3 0-0-0 12. Bc4 Qd6 13. Ba6 h5 14. Bxb7+ Kxb7 15. h4 Qf4 16. Qe4 Qg4 17. Nh2 1/2-1/2

[Event "Hessen-ch Seniors op 08th"]
[Site "Bad Sooden-Allendorf"]
[Date "2012.04.21"]
[Round "8"]
[White "Geisler, Reinhard"]
[Black "Schumacher, Helmut"]
[Result "0-1"]
[WhiteElo "1899"]
[BlackElo "2041"]
[PlyCount "54"]
[EventDate "2012.04.14"]
[EventType "swiss"]
[EventRounds "9"]
[EventCountry "GER"]
[SourceTitle "EXT 2019"]
[Source "ChessBase"]
[SourceDate "2018.10.10"]
[SourceVersion "1"]
[SourceVersionDate "2018.10.10"]
[SourceQuality "1"]

1. d4 e6 2. c4 Nf6 3. Nf3 d5 4. g3 Be7 5. Bg2 0-0 6. 0-0 Nbd7 7. b3 b6 8. Nc3 Bb7 9. Ne5 Ne4 10. Nxe4 dxe4 11. Qc2 f5 12. Nxd7 Qxd7 13. e3 Rad8 14. Bb2 Bf6 15. Rfd1 Qf7 16. Rac1 h5 17. Qe2 Qg6 18. h4 Rf7 19. f4 Qxg3 20. Bc3 Qxh4 21. Be1 Qg4 22. Qf2 h4 23. Kh2 g5 24. Bd2 gxf4 25. exf4 Rg7 26. Bc3 Kf7 27. Rg1 Qg3+ 0-1

[Event "Hessen-ch Seniors op 08th"]
[Site "Bad Sooden-Allendorf"]
[Date "2012.04.19"]
[Round "6"]
[White "Niebuhr, Gerd"]
[Black "Schumacher, Helmut"]
[Result "1-0"]
[WhiteElo "2079"]
[BlackElo "2041"]
[PlyCount "107"]
[EventDate "2012.04.14"]
[EventType "swiss"]
[EventRounds "9"]
[EventCountry "GER"]
[SourceTitle "EXT 2019"]
[Source "ChessBase"]
[SourceDate "2018.10.10"]
[SourceVersion "1"]
[SourceVersionDate "2018.10.10"]
[SourceQuality "1"]

1. d4 d5 2. c4 e6 3. Nc3 c6 4. Nf3 Nf6 5. e3 Nbd7 6. Bd3 dxc4 7. Bxc4 b5 8. Bd3 a6 9. e4 c5 10. d5 e5 11. Qc2 Bd6 12. a4 b4 13. Nd1 a5 14. 0-0 Ba6 15. b3 Qb6 16. Ne3 0-0 17. Bxa6 Qxa6 18. Nc4 Ne8 19. Bb2 f6 20. Nh4 g6 21. g3 Rc8 22. f4 Ng7 23. Qd2 Rce8 24. Rac1 Bb8 25. Nf3 Nb6 26. Nxb6 Qxb6 27. fxe5 fxe5 28. Kg2 Qd8 29. Qd3 Rf6 30. Nd2 Ref8 31. Rxf6 Rxf6 32. Rf1 Rxf1 33. Qxf1 Ne6 34. dxe6 Qxd2+ 35. Qf2 Qxf2+ 36. Kxf2 Kf8 37. Ke3 Ke7 38. Kd3 Kxe6 39. Kc4 Kd6 40. Kb5 Ba7 41. Bc1 Kc7 42. Bg5 Kd6 43. Bh6 Bb8 44. Bf8+ Kd7 45. Kxc5 Bc7 46. Kd5 Bb6 47. Bg7 Bd8 48. Bxe5 Be7 49. Bd4 Bd8 50. h3 Bc7 51. Bc5 Bd8 52. e5 Ke8 53. Kc6 Kf7 54. Kd7 1-0

[Event "GER-ch Seniors 22nd"]
[Site "Berlin"]
[Date "2010.08.24"]
[Round "9"]
[White "Schumacher, Helmut"]
[Black "Weyrauch, Erich"]
[Result "1/2-1/2"]
[WhiteElo "1921"]
[BlackElo "2037"]
[PlyCount "151"]
[EventDate "2010.08.16"]
[EventType "swiss"]
[EventRounds "9"]
[EventCountry "GER"]
[SourceTitle "CBM 138 Extra"]
[Source "ChessBase"]
[SourceDate "2010.10.29"]
[SourceVersion "1"]
[SourceVersionDate "2010.10.29"]
[SourceQuality "1"]

1. d4 Nf6 2. Nc3 d5 3. Bg5 Nbd7 4. Nf3 h6 5. Bh4 e6 6. e3 Be7 7. Bd3 c5 8. dxc5 Nxc5 9. Bb5+ Bd7 10. Qe2 Rc8 11. 0-0 a6 12. Bxd7+ Ncxd7 13. Rfd1 0-0 14. Bg3 Bb4 15. Nb1 Ne4 16. c3 Nxg3 17. hxg3 Bd6 18. Nbd2 Qb6 19. Nf1 Nf6 20. Nd4 Rc7 21. g4 Rfc8 22. Rab1 g6 23. Qf3 Kg7 24. Ng3 Rc4 25. Nge2 e5 26. b3 R4c7 27. Nc2 Qc6 28. g3 Qd7 29. Rd2 e4 30. Qg2 Qxg4 31. Rbd1 b5 32. Nb4 Bxb4 33. cxb4 g5 34. a4 Rc2 35. Qf1 bxa4 36. bxa4 Rxd2 37. Rxd2 Qd7 38. Qa1 Rc4 39. Rd4 Kg6 40. Kg2 Rc2 41. Nc3 Qf5 42. Qe1 Qf3+ 43. Kg1 Ng4 44. Nd1 Qf5 45. Rd2 Rc1 46. Qe2 Rc6 47. Kg2 h5 48. b5 axb5 49. axb5 Rd6 50. Nc3 h4 51. gxh4 Ne5 52. Rxd5 Rxd5 53. Nxd5 Qd7 54. h5+ Kg7 55. Nc3 Qf5 56. b6 Nf3 57. Nxe4 Nh4+ 58. Kf1 Qxe4 59. Qb2+ f6 60. Qd4 Qc6 61. Qb4 Qc1+ 62. Ke2 Qc2+ 63. Qd2 Qxd2+ 64. Kxd2 Nf3+ 65. Kc3 Ne5 66. Kd4 Nd7 67. b7 Nb8 68. Kd5 Na6 69. Kd6 Kh6 70. Ke7 f5 71. Kf6 f4 72. exf4 gxf4 73. f3 Nc5 74. b8Q Nd7+ 75. Kf5 Nxb8 76. Kxf4 1/2-1/2

[Event "GER-ch Seniors 22nd"]
[Site "Berlin"]
[Date "2010.08.23"]
[Round "8"]
[White "Neudel, Bernd"]
[Black "Schumacher, Helmut"]
[Result "0-1"]
[WhiteElo "1807"]
[BlackElo "1921"]
[PlyCount "42"]
[EventDate "2010.08.16"]
[EventType "swiss"]
[EventRounds "9"]
[EventCountry "GER"]
[SourceTitle "CBM 138 Extra"]
[Source "ChessBase"]
[SourceDate "2010.10.29"]
[SourceVersion "1"]
[SourceVersionDate "2010.10.29"]
[SourceQuality "1"]

1. c4 e6 2. Nc3 d5 3. d4 c6 4. e3 Nf6 5. Nf3 Nbd7 6. Bd3 dxc4 7. Bxc4 b5 8. Be2 Bb7 9. 0-0 a6 10. b3 c5 11. dxc5 Bxc5 12. Bb2 0-0 13. Bd3 Qb6 14. h3 Rad8 15. Qe2 e5 16. e4 Rfe8 17. g3 Nh5 18. Kg2 Qg6 19. Nh4 Nf4+ 20. Kh2 Nxe2 21. Nxg6 Nxc3 0-1

[Event "GER-ch Seniors 22nd"]
[Site "Berlin"]
[Date "2010.08.18"]
[Round "3"]
[White "Schumacher, Helmut"]
[Black "Lieb, Harald"]
[Result "0-1"]
[WhiteElo "1921"]
[BlackElo "2153"]
[PlyCount "78"]
[EventDate "2010.08.16"]
[EventType "swiss"]
[EventRounds "9"]
[EventCountry "GER"]
[SourceTitle "CBM 138 Extra"]
[Source "ChessBase"]
[SourceDate "2010.10.29"]
[SourceVersion "1"]
[SourceVersionDate "2010.10.29"]
[SourceQuality "1"]

1. d4 d5 2. Nc3 Nf6 3. Bg5 e6 4. e4 dxe4 5. Nxe4 Be7 6. Bxf6 gxf6 7. Nf3 b6 8. Bd3 Bb7 9. Qe2 Qd5 10. Nc3 Bb4 11. 0-0 Bxc3 12. bxc3 Rg8 13. Kh1 Qh5 14. Ne1 Qxe2 15. Bxe2 Nc6 16. Bf3 0-0-0 17. Nd3 Rg5 18. h4 Ra5 19. a4 Ne7 20. Bxb7+ Kxb7 21. Rfb1 Nf5 22. g3 Nd6 23. Kg2 Ne4 24. Rb3 Rd6 25. f3 Nd2 26. Rb4 Rc6 27. Rd1 Nc4 28. Kf2 Kc8 29. Ra1 Nd6 30. Rb3 e5 31. d5 Rc4 32. Nb4 Rac5 33. Raa3 a5 34. Nc6 Kd7 35. Nb8+ Ke8 36. Na6 Rxd5 37. Ke2 Kd8 38. Ra1 Kc8 39. Rab1 Kb7 0-1